Central Library OPAC University of Rajshahi

Compound semiconductors : (Record no. 9309)

MARC details
000 -LEADER
fixed length control field 00875pam a2200253 a 4500
001 - CONTROL NUMBER
control field 9309
003 - CONTROL NUMBER IDENTIFIER
rucl marc code BD-RjUL
005 - DATE AND TIME OF LATEST TRANSACTION
control field 20211208234744.0
008 - FIXED-LENGTH DATA ELEMENTS--GENERAL INFORMATION
fixed length control field 140120s1962 flua b 001 0 eng d
020 ## - INTERNATIONAL STANDARD BOOK NUMBER
International Standard Book Number 0849301653
035 ## - SYSTEM CONTROL NUMBER
System control number (BD-RjUL) 9354
040 ## - CATALOGING SOURCE
Original cataloging agency DLC
Transcribing agency DLC
Modifying agency DLC
-- (BD-RjUL)
Language of cataloging eng
041 ## - LANGUAGE CODE
Language code of text/sound track or separate title eng
082 00 - DEWEY DECIMAL CLASSIFICATION NUMBER
Classification number 621.38152
Edition number 20
Author mark and year COM
245 00 - TITLE STATEMENT
Title Compound semiconductors :
Remainder of title Preparation of III-V Compounds /
Statement of responsibility, etc. editors, Robert K, Wiollardson and Harvey, L. Goering
Number of part/section of a work Volume -1
260 ## - PUBLICATION, DISTRIBUTION, ETC. (IMPRINT)
Place of publication, distribution, etc. New York :
Name of publisher, distributor, etc. Reinold Publishihg Corporation
Date of publication, distribution, etc. c1962
300 ## - PHYSICAL DESCRIPTION
Pagination 553p. :
Illustrations ill. ;
Size 28 cm.
504 ## - BIBLIOGRAPHY, ETC. NOTE
Bibliography, etc Includes bibliographical references.
650 #0 - SUBJECT ADDED ENTRY--TOPICAL TERM
Topical term or geographic name as entry element Compound semiconductors.
9 (RLIN) 28882
856 42 - ELECTRONIC LOCATION AND ACCESS
Materials specified Publisher description
Uniform Resource Identifier <a href="http://www.loc.gov/catdir/enhancements/fy0744/89017402-d.html">http://www.loc.gov/catdir/enhancements/fy0744/89017402-d.html</a>
942 ## - ADDED ENTRY ELEMENTS (KOHA)
Source of classification or shelving scheme Dewey Decimal Classification
Koha item type Books
Holdings
Lost status Source of classification or shelving scheme Materials specified (bound volume or other part) Damaged status Not for loan Collection code Permanent Location Current Location Shelving location Date acquired Source of acquisition Cost, normal purchase price Total Checkouts Full call number Date last seen Copy number Koha item type
  Dewey Decimal Classification V-1   Not For Loan Non-fiction Central Library, University of Rajshahi Central Library, University of Rajshahi Reading Room 26/09/1970 swets and zeithinger 0.00   621.38152 COM 1962 20/01/2014 C-1 Books